Online
Catalog
Normal view MARC view

Entry Nombre geográfico

Number of records used in: 5

001 - NÚMERO DE CONTROL

  • campo de control: 6987

003 - IDENTIFICADOR DEL NÚMERO DE CONTROL

  • campo de control: OSt

005 - FECHA Y HORA DE LA ÚLTIMA TRANSACCIÓN

  • campo de control: 20200615032147.0

008 - DATOS DE LONGITUD FIJA

  • campo de control de longitud fija: 200615|| aca||aabn | a|a d

040 ## - FUENTE DE LA CATALOGACIÓN

  • Centro catalogador/agencia de origen: OSt
  • Centro/agencia transcriptor: OSt

151 ## - ENCABEZAMIENTO--NOMBRE GEOGRÁFICO

  • Nombre geográfico: REPÚBLICA DOMINICANA
  • Subdivisión general: HISTORIA
  • Subdivisión cronológica: REVOLUCIÓN, 1965
  • Subdivisión general: CONGRESOS, CONFERENCIAS, ETC

670 ## - FUENTE DE DATOS ENCONTRADOS

  • Cita de la fuente: Work cat.: (OSt)2036: Seminario sobre la Revolución de 1965. (22-24 de mayo de 2002 : Santo Domingo, República Dominicana) 6986, Guerra de abril :, 2002.

Powered by Koha